Culture Générale - Série 2326 - Statistiques

Statistiques générales
  • Ce quiz a été pris 145 fois
  • Le résultat moyen est 4 sur 10
Statistiques - réponses
Question Réponse % Correct
Sous quel nom connait-on mieux le chanteur français Renaud Pierre Manuel Séchan ? Renaud
89%
L'anagramme de "valser" est un félin - voir photo serval
63%
Quel nom désigne un gamin, un enfant des rues, à Lyon ? gone
56%
Quel vent souffle à Perpignan ? tramontane
51%
Potée au chou, avec des morceaux de légumes, traditionnelle de la cuisine gasconne dans le sud-ouest de la France - 7 lettres commençant par " g " garbure
39%
Sous quel nom connaissait-on mieux le chanteur français Daniel Bevilacqua (1945-2020) ? Christophe
32%
Dans quel pays est née l'actrice Bérénice Bejo en 1976 ? Argentine
26%
Recueil de morceaux choisis d'œuvres littéraires, en particulier de poésies - 9 lettres commençant par " f " florilège
20%
De quel pays est originaire l'arbre appelé raphia avec lequel on fabrique la fibre du même nom ? Madagascar
11%
L'anagramme de "canitie"vous dévoilera une anémone de mer . actinie
8%
Aucun quiz correspondant
Distribution des résultats
% des personnes avec chaque résultat
Percentile par nombre de réponses
Votre historique - résultats
Vous n’avez pas pris ce quiz